书目信息 |
| 题名: |
桑树病虫害防治法
|
|
| 作者: | ;中国农业科学院蚕业研究所 编 | |
| 分册: | ||
| 出版信息: | 北京 农业出版社 1962 |
|
| 页数: | 53页 | |
| 开本: | 20cm | |
| 丛书名: | 蚕桑技术丛书 | |
| 单 册: | ||
| 中图分类: | S888.7 | |
| 科图分类: | ||
| 主题词: | 蚕业 , 蚕桑生产 , 蚕桑业 | |
| 电子资源: | ||
| ISBN: | ||
| 000 | 00771nam0 2200253 450 | |
| 001 | 0638450077 | |
| 005 | 20060523104327.18 | |
| 010 | @dCNY0.16 | |
| 091 | @a16144.1273 | |
| 100 | @a20060523d1962 km y0chiy0120 ea | |
| 101 | 0 | @achi |
| 102 | @aCN@b110000 | |
| 200 | 1 | @a桑树病虫害防治法@Asang shu bing chong hai fang zhi fa@f中国农业科学院蚕业研究所编@Fzhong guo nong ye ke xue yuan can ye yan jiu suo bian |
| 210 | @a北京@c农业出版社@d1962 | |
| 215 | @a53页@d20cm | |
| 225 | 2 | @a蚕桑技术丛书 |
| 410 | 0 | @12001 @a蚕桑技术丛书 |
| 606 | 0 | @a蚕业 |
| 606 | 0 | @a蚕桑生产 |
| 606 | 0 | @a蚕桑业 |
| 690 | @aS888.7@v3 | |
| 711 | 0 | @a中国农业科学院蚕业研究所@Azhong guo nong ye ke xue yuan can ye yan jiu suo@4编 |
| 801 | 0 | @aCN@bPFT@c20060523 |
| 905 | @a10447@dS888.7@e1 | |
| 桑树病虫害防治法/中国农业科学院蚕业研究所编.-北京:农业出版社,1962 |
| 53页;20cm.-(蚕桑技术丛书) |
| ISBN :CNY0.16 |
| ● |
| 相关链接 |
|
|
|
|
正题名:桑树病虫害防治法
索取号:S888.7/1
 
预约/预借
| 序号 | 登录号 | 条形码 | 馆藏地/架位号 | 状态 | 备注 |
| 1 | 0018059 | 202371129 | 密集书库/ [索取号:S888.7/1] | 在馆 |